00461nam a22001577a 450000500170000001000150001702000260003203500140005803700090007208200120008110000160009324500570010926000500016627000650021630000220028120241023125836.0 aENG-142310 a9789351952084c599.00 aEN-125842 bDBAD a629.222 aSubbu, Bvr  aSantro:cby Bvr SubbubThe Car that Built a Company/ aGurgaonbHachette Book Publishing Indiac2017 a4th/5th Floors, Corporate Centre, Sector 44bGurgaone122003 ax,254p.c22cm(hb)